| 000 | 00979nam a2200301 i 4500 | ||
|---|---|---|---|
| 003 | DO-SdBNP | ||
| 005 | 20260212122153.0 | ||
| 006 | a||||er|||| 00| 0 | ||
| 007 | ta | ||
| 008 | 230508e2023 dr ad||er|||| 001 edspa d | ||
| 020 | _a9789945224678 | ||
| 040 |
_aDO-SdBNP _bspa _cBNPHU _erda |
||
| 082 | 4 |
_a306.87 _bC794a _222 |
|
| 100 | 1 |
_949233 _aCordero, Daniel |
|
| 245 | 1 | 0 |
_aAmor a prueba de crisis / _cDaniel Cordero ; prólogo, Roberto Orlando Durán |
| 264 |
_aSanto Domingo : _bBúho, _c2023 |
||
| 300 |
_a114 páginas ; _c17 cm. |
||
| 336 |
_2rdacontent _atexto _btxt |
||
| 337 |
_2rdamedia _asin mediación _bn |
||
| 338 |
_2rdacarrier _avolumen _bnc |
||
| 500 | _aIncluye datos biográficos del autor en la solapa de la cubierta | ||
| 590 | _aInventariado 2023 / MF | ||
| 650 | 0 |
_aMatrimonio _9797 |
|
| 650 | 0 |
_aRelaciones familiares _9801 |
|
| 700 | 1 |
_aDurán, Roberto Orlando, _eprólogo _983340 |
|
| 910 | _aValidado. Control de calidad MFF | ||
| 942 |
_2ddc _cLBS1 |
||
| 999 |
_c53441 _d53441 |
||